| 000 | 01077cam a2200217 4500 | ||
|---|---|---|---|
| 001 | ABS66669 | ||
| 008 | 030519n2003 000 0 eng u | ||
| 035 | _a(Sirsi) u122318 | ||
| 100 | _aRichmond, A. | ||
| 245 | _aTraditional cut nails - worth preserving? | ||
| 260 | _c2003 | ||
| 490 |
_aRICS Building Conservation Journal _vWinter 2002-2003, 16-17(2) |
||
| 520 | _aOutlines history of nails from the handmade ones dating from Roman times to machine-made which appeared from early 19th century onwards. Tips on how to identify different types of nails can help the restorer date and ensure that correct raw materials are used in the restoration of a building. Manufacturers such as Glasgow Steel Nail Co Ltd still produce traditional cut nails using the same process as used 200 years ago. Photographs. | ||
| 590 | _aABS | ||
| 650 | _aNAILS | ||
| 650 |
_aArts and antiques _96217 |
||
| 650 | _aBUILT ENVIRONMENT-BUILDING MATERIALS | ||
| 650 | _aRESTORATION | ||
| 690 | _aBUILT ENVIRONMENT-BUILDING MAINTENANCE AND REFURBISHMENT-BUILDING CONSERVATION | ||
| 942 | _n0 | ||
| 999 |
_c72686 _d72686 |
||